| 000 -CABECERA |
| fixed length control field |
01002nam a22002297a 4500 |
| 003 - IDENTIFICADOR DEL NÚMERO DE CONTROL |
| control field |
AR-CdUCM |
| 008 - DATOS DE LONGITUD FIJA--INFORMACIÓN GENERAL |
| fixed length control field |
190405b ||||| |||| 00| 0 spa d |
| 040 ## - FUENTE DE LA CATALOGACIÓN |
| Agencia/entidad que catalogó originalmente la obra |
MUNICIPALIDAD PROVINCIAL DEL CUSCO |
| Entidad que transcribió la catalogación |
BIBLIOTECA MUNICIPAL DEL CUSCO |
| 082 ## - NÚMERO DE LA CLASIFICACIÓN DECIMAL DEWEY |
| No. de Clasificación |
344 / |
| Notacion interna |
C77 / 1928 |
| 110 ## - ENTRADA PRINCIPAL--NOMBRE DE ENTIDAD CORPORATIVA |
| Nombre de la institución, jurisdicción como entrada principal |
Reforma de la legislación criminal y penitenciaria |
| 9 (RLIN) |
29388 |
| 245 ## - MENCIÓN DE TÍTULO |
| Título |
Código penal : |
| Resto del título |
Primer anteproyecto de la comisión parlamentaria nombrada conforme a la ley N 5168 / |
| 260 ## - PUBLICACIÓN, DISTRIBUCIÓN, ETC. |
| Lugar de publicación, distribución, etc. |
Lima : |
| Nombre de la editorial, distribuidor, etc. |
Minerva, |
| Fecha de publicación, distribución, etc. |
1928. |
| 300 ## - DESCRIPCIÓN FÍSICA |
| Nº de Páginas Extensión |
102, VI, XIX páginas ; |
| Dimensiones |
20 cm. |
| 505 ## - NOTA DE CONTENIDO CON FORMATO |
| Nota de contenido formateada |
Contenido : De los delitos en general -- Delitos contra la vida y la integridad corporal -- Delitos contra la honestidad -- Delitos contra el honor -- Delitos contra la libertad y contra la voluntad ... |
| 650 ## - PUNTO DE ACCESO ADICIONAL DE MATERIA--TÉRMINO DE MATERIA |
| Descriptor |
Código |
| 9 (RLIN) |
27510 |
| 650 ## - PUNTO DE ACCESO ADICIONAL DE MATERIA--TÉRMINO DE MATERIA |
| Descriptor |
Penal |
| 9 (RLIN) |
25590 |
| 650 ## - PUNTO DE ACCESO ADICIONAL DE MATERIA--TÉRMINO DE MATERIA |
| Descriptor |
Sociedad |
| 9 (RLIN) |
53 |
| 700 ## - PUNTO DE ACCESO ADICIONAL--NOMBRE DE PERSONA |
| Nombre Personal |
Cornejo, A. Gustavo (Ponente) |
| 9 (RLIN) |
29389 |
| 700 ## - PUNTO DE ACCESO ADICIONAL--NOMBRE DE PERSONA |
| Nombre Personal |
Jimenez, Placido (Ponente) |
| 9 (RLIN) |
29390 |
| 942 ## - ELEMENTOS DE PUNTO DE ACCESO ADICIONAL (KOHA) |
| Fuente de clasificación |
|
| Tipo de item |
Libros-BMC |
| 945 ## - PROCESAMIENTO DE INFORMACIÓN LOCAL (OCLC) |
| Catalogador |
rah |
| AAAA-MM-DD - Fecha de ingreso o modificacion |
05/04/2019 |